000 00931cam a2200301 a 4500
001 000004604
005 20200929151452.0
008 750317s1972 enk b 000 0 fre
010 _a75501452
015 _aGB74-12539
020 _a0423816209
040 _aDO-SdBNP
_cDLC
_dDLC
041 1 7 _aspa
_hfre
082 _a842.9
_bC668p, 1972
100 1 _aCocteau, Jean,
_d1889-1963.
_913430
245 1 4 _aLos padres terribles /
_cJean Cocteau.
250 _a4a. ed.
260 _aBuenos Aires :
_bLosada,
_c1972.
300 _axxv, 118 p. ;
_c20 cm.
440 0 _aBiblioteca clásica y contemporánea
_913431
504 _aIncluye referencias bibliográficas
534 _aTítulo en Francés : Les parents terribles
650 4 _aTeatro francés
_95359
650 4 _aVida cotidiana
_xTeatro
_913432
650 4 _aFamilia
_xTeatro
_913433
700 1 _aBernárdez, Aurora
_etr.
_913434
910 _aCatalogación por copia / LC
999 _c4412
_d4412